00492nam a22001697a 450000500170000001000150001702000260003203500140005803700090007203700090008108200110009024500670010125000060016826000410017427000880021530000190030320250806143850.0 aENG-146417 a9789361590825c565.00 aEN-129949 bDBAD bDBAD a00021 aNTA CUET UG 2025:bEnglish Language and General Aptitude Test/ a1 aNoidabPearson India Educationc2025 a15th Floor, Towe-B, World Trade Tower, Plot No.1, Block-C, Sector-16bNoidae201301 avpp.c23cm(pb)